| 000 | 00580nas a2200229 i 4500 | ||
|---|---|---|---|
| 001 | 177262 | ||
| 003 | ES-MaACL | ||
| 005 | 20250718150803.0 | ||
| 008 | 110310d18391840sp | | ||pa d | ||
| 022 | _a9969-0047 | ||
| 080 | _a(054) | ||
| 245 | 0 | 3 | _aEl Piloto. |
| 260 |
_aMadrid : _bP.S. Castellanos, _c1839-40. |
||
| 300 |
_a2 v. ; _c48 cm. |
||
| 310 | _aDiaria | ||
| 362 | 0 | _an. 1 (1 marzo 1839) -n. 374 (13 marzo 1840) | |
| 650 | 0 | 4 |
_aPeriódicos _915941 |
| 852 |
_aES-MaACL _jHem-18 |
||
| 866 | 0 | _o1839-40 | |
| 942 |
_2udc _cPERIODICO |
||
| 999 |
_c177262 _d177262 |
||